| 000 | 00953nam a2200229Ia 4500 | ||
|---|---|---|---|
| 003 | Ost | ||
| 005 | 20260507075151.0 | ||
| 008 | 260507s9999||||xx |||||||||||||| ||und|| | ||
| 020 | _a47045299579 | ||
| 040 | _cfsecg | ||
| 041 | _aara | ||
| 082 | _a330 | ||
| 100 |
_aعوض، مراد كمال _eمؤلف |
||
| 245 | 0 |
_aالاحصاء التربوي / _c مراد كمال عوض |
|
| 260 |
_aعمان: _bدار البداية, _c2009 |
||
| 300 |
_a180 صفحة؛ _bإيضاحات ؛ _c24 سم |
||
| 504 | _aمراجع ص.167 ؛ ملاحق ص.168 | ||
| 520 | _aالاحصاء ، عرض البيانات الاحصائية و تبويبها ، مقاييس النزعة المركزية ، مقاييس التشتت ، الارتباط و الانحدار ، نماذج من التوزيعات الاحتمالية و التوزيعات العينية | ||
| 653 | _aالاحصاء | ||
| 653 | _aالاحصاء الرياضي | ||
| 942 | _cكتاب | ||
| 999 |
_c43343 _d43343 |
||